Business leases - landlord fails to establish ground of opposition (Record no. 75128)

MARC details
000 -LEADER
fixed length control field 01010cab a2200193 4500
001 - CONTROL NUMBER
control field L129498
008 - FIXED-LENGTH DATA ELEMENTS--GENERAL INFORMATION
fixed length control field 050425n2005 000 0 eng u
035 ## - SYSTEM CONTROL NUMBER
System control number (Sirsi) u129498
041 ## - LANGUAGE CODE
Language code of text/sound track or separate title eng
245 ## - TITLE STATEMENT
Title Business leases - landlord fails to establish ground of opposition
260 ## - PUBLICATION, DISTRIBUTION, ETC.
Date of publication, distribution, etc. 2005
490 ## - SERIES STATEMENT
Series statement Commercial Leases
Volume/sequential designation 19(3) March 2005, 959-960(2)
520 ## - SUMMARY, ETC.
Summary, etc. Discusses the case "Zafiris and another v Liu" (CA 27 January 2005, The Times 3 March 2005) which reviews a landlord's evidence when opposing a renewal on groundsunder the Landlord and Tenant Act 1954 s30(1). In this case the landlord failed to provide sufficient evidence that he intended to occupy the premises for the purposes of his own business.
590 ## - LOCAL NOTE (RLIN)
Local note IKA290405
650 ## - SUBJECT ADDED ENTRY--TOPICAL TERM
Topical term or geographic name entry element ZAFIRIS AND ANOTHER V LIU
650 ## - SUBJECT ADDED ENTRY--TOPICAL TERM
Topical term or geographic name entry element LANDLORD AND TENANT ACT 1954 S30 1
690 ## - LOCAL SUBJECT ADDED ENTRY--TOPICAL TERM (OCLC, RLIN)
Topical term or geographic name as entry element PROPERTY-COMMERCIAL PROPERTY-LEASEHOLD COMMERCIAL PROPERTY-COMMERCIAL LANDLORD AND TENANT-BUSINESS TENANCIES-RENT REVIEW (BUSINESS TENANCIES)
942 ## - ADDED ENTRY ELEMENTS (KOHA)
Suppress in OPAC 0
Holdings
Withdrawn status Lost status Source of classification or shelving scheme Damaged status Not for loan Home library Current library Shelving location Date acquired Total Checkouts Full call number Barcode Date last seen Copy number Price effective from Koha item type
    Dewey Decimal Classification     London London Journal article 25/04/2005   L129498 129498-1001 06/08/2019 1 06/08/2019 Journal article